The structure of business : a student's handbook

Bibliographic Details
Main Authors: Lawton, M. M. (Author), Maguire, J. (Author)
Format: Book
Published: Amersham : Hulton Educational , 1984
Edition:3rd ed
Subjects:

MARC

LEADER 00000cam a2200000 7i4500
001 0000006576
005 20030917093000.0
020 |a 0717512436 
090 0 0 |a HF5361   |b .L39 1984 
100 0 |a Lawton, M. M. ,   |e author 
245 1 4 |a The structure of business :   |b a student's handbook   |c M. M. Lawton, J. Maguire   |f general editor J. R. M. Aslett 
250 |a 3rd ed 
260 2 |a Amersham :   |b Hulton Educational ,   |c 1984 
300 |a 223 p. ;   |c 22 cm. 
650 0 |a Industrial management 
650 0 |a Industrial management   |z Great Britain 
700 1 |a Maguire, J. ,   |e author 
999 |a 1000010935   |b Book   |c OPEN SHELF (30 DAYS)   |e Gong Badak Campus